000 00893cab a2200277 4500
001 ABS47658
008 090401t1992 xxu||||| |||| 00| 0 eng d
035 _a(Sirsi) u62882
041 _aeng
100 _aHamnett, C.
245 4 _aThe geography of housing wealth and inheritance in Britain
260 _c1992
350 _a0
490 _aGeographical Journal
_v158(3) November 1992, 307-321(13)
520 _aThe paper examines the regional distribution of house prices, housing wealth and inheritance, and their implications. Includes graphs and statistics.
650 _aHOUSE PRICE INFLATION
650 _aHOUSE PRICES
650 _aHOUSING STOCK
650 _aINHERITED WEALTH
650 _aOWNER-OCCUPATION
650 _aREGIONS
650 _aSTATISTICS
690 _aPROPERTY-RESIDENTIAL PROPERTY-RESIDENTIAL PROPERTY MARKET
942 _n0
948 _c04/03/1997
999 _c39064
_d39064